Analysis of Linear System (Record no. 8421)

MARC details
000 -LEADER
fixed length control field 00322nam a22001337a 4500
003 - CONTROL NUMBER IDENTIFIER
control field OSt
008 - FIXED-LENGTH DATA ELEMENTS--GENERAL INFORMATION
fixed length control field 200115b ||||| |||| 00| 0 eng d
020 ## - INTERNATIONAL STANDARD BOOK NUMBER
International Standard Book Number 9788185015699
100 ## - MAIN ENTRY--PERSONAL NAME
Personal name CHENG, David K
245 ## - TITLE STATEMENT
Title Analysis of Linear System
250 ## - EDITION STATEMENT
Edition statement 11th
260 ## - PUBLICATION, DISTRIBUTION, ETC. (IMPRINT)
Place of publication, distribution, etc New Delhi
Name of publisher, distributor, etc Narosa Publication
Date of publication, distribution, etc 2002
942 ## - ADDED ENTRY ELEMENTS (KOHA)
Source of classification or shelving scheme Dewey Decimal Classification
Koha item type Text Books
Holdings
Withdrawn status Lost status Source of classification or shelving scheme Damaged status Not for loan Collection code Home library Current library Shelving location Date acquired Source of acquisition Currency Cost, normal purchase price Bill Number Total Checkouts Full call number Acc. no. / Barcode Date last seen Actual Cost, discounted price Bill Date Koha item type Copy number
    Dewey Decimal Classification     B.Tech(ECE) PIET C-LIBRARY PIET C-LIBRARY General Stacks 15/01/2020 Purchase Rupees 375.00 IN5956   621.52 CHA 31539 15/01/2020 251.25 03/01/2020 Text Books  
    Dewey Decimal Classification     B.Tech(ECE) PIET C-LIBRARY PIET C-LIBRARY General Stacks 15/01/2020 Purchase Rupees 375.00 IN5956   621.52 CHA 31540 15/01/2020 251.25 03/01/2020 Text Books  
    Dewey Decimal Classification     B.Tech(ECE) PIET C-LIBRARY PIET C-LIBRARY General Stacks 15/01/2020 Purchase Rupees 375.00 IN5956   621.52 CHA 31541 15/01/2020 251.25 03/01/2020 Text Books  
    Dewey Decimal Classification     B.Tech(ECE) PIET C-LIBRARY PIET C-LIBRARY General Stacks 15/01/2020 Purchase Rupees 375.00 IN5956   621.52 CHA 31542 15/01/2020 251.25 03/01/2020 Text Books  
    Dewey Decimal Classification     B.Tech(ECE) PIET C-LIBRARY PIET C-LIBRARY   20/02/2020 KIRTI PRAKASHAN NEW DELHI IN Rupees 375.00 IN5957   621.52 CHA 31668 20/02/2020 251.25 03/01/2020 Reference Books 5

Design & Developed by: PIET Central Library
R70 Miles Stone Pattikalyana Samalkha Panipat 132102
mail ID :- [email protected], Phone No:- 0180-2569700 Ex.216